FC 26 TOTW 3 - Statistics

General Stats
  • This quiz has been taken 4 times
  • The average score is 4 of 23
Answer Stats
rat pos club plaeyr % Correct
TOTW 81 CB Cremonese Federico Baschirotto
50%
TOTW 86 CDM Bayern Frauen Georgia Stanway
50%
TOTW 81 ST Brentford Igor Thiago
50%
TOTW 84 CM Atlético Madrid Koke
50%
TOTW 88 CM NJ/NY Gotham Rose Lavelle
50%
TOTW 82 RB AC Milan Alexis Saelemaekers
25%
TOTW 80 CM Eintracht Frankfurt Can Uzun
25%
TOTW 80 ST Beijing Guoan Fábio Abreu
25%
TOTW 82 CAM Crystal Palace Ismaïla Sarr
25%
TOTW 82 CB Sunderland Omar Alderete
25%
TOTW 84 CAM Beşiktaş Rafa Silva
25%
TOTW 80 RM Brighton Diego Gómez
0%
TOTW 84 CAM Atlético Femenino Fiamma Benítez
0%
TOTW 83 ST Washington Spirit Gift Monday
0%
TOTW 80 GK LDU Quito Gonzalo Valle
0%
TOTW 80 CM Grimsby Town Jamie Walker
0%
TOTW 81 LM LA Galaxy Joseph Paintsil
0%
TOTW 80 LM Al-Ettifaq Khalid Al Ghannam
0%
TOTW 84 LB Bayern Munich Konrad Laimer
0%
TOTW 84 CDM OL Lyonnes Korbin Shrader
0%
TOTW 80 RM Dunkerque Marco Essimi
0%
TOTW 80 LW SV Waldhof Nicklas Shipnoski
0%
TOTW 80 ST FC Lorient Pablo Pagis
0%
No matching quizzes found
Score Distribution
Percent of People with Each Score
Percentile by Number Answered
Your Score History
You have not taken this quiz